Capitais do mundo - Morte súbita - Statistics

Estatísticas Gerais
  • Esse quiz foi jogado 803 vezes
  • A pontuação média é 9 de 17
Answers on the Grid
Answers color-coded by a green-red scale on the quiz's grid according to % correct below.
Berlim
Dubai
Buenos Aires
Amesterdão
Nueva York
Río de Janeiro
Bogotá
Havana
Toronto
Londres
Brasília
Guadalajara
Ushuaia
Bruxelas
Paris
Hamburgo
Caracas
Madrid
Atenas
Maracaibo
Pequim
Barcelona
Cardiff
Pretória
Nagasaki
Medellín
Jakarta
Sofia
Hiderabade
Riade
Alejandria
Cracóvia
 
Estatísticas das Respostas
Resposta % Correto
Alemanha Berlim
92%
Argentina Buenos Aires
70%
Países Baixos Amesterdão
63%
Brasil Brasília
63%
Reino Unido Londres
62%
França Paris
62%
Espanha Madrid
61%
Grécia Atenas
58%
Colômbia Bogotá
58%
Venezuela Caracas
54%
Bélgica Bruxelas
53%
Cuba Havana
52%
China Pequim
52%
Bulgária Sofia
43%
Arábia Saudita Riade
38%
Indonésia Jakarta
37%
África do Sul Pretória
32%
Nenhum quiz correspondente encontrado
Distribuição das Pontuações
Porcentagem de Pessoas com Cada Pontuação
Percentil de Números Respondidos
Sua Pontuação Histórica
Você não jogou esse quiz